Shabab(e)s im VIP - Pashanim, Ceren - Lyrics Songtext - Statistiken

Allgemein
  • Dieses Quiz wurde 67 mal gespielt
    43 seit der letzten Aktualisierung
  • Das Durchschnittsergebnis liegt bei 118 aus 228
Antwortstatistiken
Antwort % Korrekt
im
97%
Club
94%
in'
91%
in
91%
komm'n
91%
Shababs
91%
V.I.P.
91%
die
72%
Shababes
72%
ich
69%
Ich
69%
sind
69%
den
66%
der
66%
mein
63%
und
63%
Und
63%
Kanaks
59%
ma'
59%
Deine
56%
meine
56%
Meine
56%
mit
56%
sie
56%
Wir
56%
geh'n
53%
Girls
53%
ihn
53%
mich
53%
mich:
53%
muss
53%
aus
50%
Bastard
50%
dabei
50%
ganzen
50%
lach'
50%
nie
50%
raus"
50%
seh'n
50%
fragt
47%
Freunde
47%
Hood
47%
jetzt
47%
nicht
47%
Sachen
47%
schmeiß
47%
solche
47%
was
47%
bin
44%
Dieser
44%
doch
44%
Joint
44%
Louis V
44%
mein'n
44%
"Wer
44%
an
41%
egal
41%
heut
41%
kontrolliert
41%
mir
41%
pass
41%
passiert
41%
ADS
38%
Alle
38%
auch
38%
auf
38%
Liste
38%
macht
38%
noch
38%
shook
38%
Stress?
38%
wurd'
38%
wurd
38%
brauch'
34%
ca.
34%
RB
34%
Gras
31%
Piç
31%
steh'
31%
zu
31%
anzusteh'n
28%
bisschen
28%
von
28%
20-10
25%
Batzen
25%
ein'n
25%
gib
25%
Jeans
25%
kann
25%
Tabak
25%
als
22%
Cano
22%
Ce-Ce-Ceyda
22%
cool
22%
fühl'
22%
Geld
22%
Gucci-Brille
22%
hat
22%
Hau'
22%
nix
22%
Papes
22%
schon
22%
Abi
19%
ist
19%
laut
19%
ranzugeh'n
19%
Teens
19%
um
19%
hier
16%
Holli
16%
Müştis
16%
ständig
16%
machten
13%
Murakami
13%
rufen
13%
Keine übereinstimmenden Quizze gefunden
Verteilung der Resultate
Anzahl Personen mit jedem Resultat
Perzentil nach korrekt beantworteten Fragen
Ihre Resultats-Entwicklung
Sie haben dieses Quiz seit der letzten Aktualisierung nicht gespielt